| 000 | 00728nam a2200193 i 4500 | ||
|---|---|---|---|
| 001 | 74378 | ||
| 003 | ES-MaACL | ||
| 005 | 20250910063104.0 | ||
| 007 | t| | ||
| 008 | 040917s1951 sp ||||1| spa d | ||
| 100 | 1 |
_aGonzález, Julio, _d1908-1991 _958349 |
|
| 245 | 1 | 0 |
_aRepartimiento de Sevilla / _cestudio y edición preparada por Julio González González. |
| 260 |
_aMadrid : _bConsejo Superior de Investigaciones Científicas, Escuela de Estudios Medievales, _c1951 ( _fDiana) |
||
| 300 |
_a1 v., 18 lám. ; _c26 cm. |
||
| 650 | 4 |
_aColonización interior- _zSevilla (Reino de taifa) _9168553 |
|
| 710 | 2 |
_aEscuela de Estudios Medievales (España) _9170983 |
|
| 852 |
_aES-MaACL _jP-1025 |
||
| 999 |
_c74378 _d74378 |
||